Seattle Mariners 2025 Roster - Statistics

General Stats
  • This quiz has been taken 167 times
  • The average score is 22 of 29
Answer Stats
Jersey # Pos Player % Correct
29 C Cal Raleigh
98%
44 CF Julio Rodriguez
94%
12 1B Josh Naylor
93%
22 P Bryan Woo
92%
3 SS J.P. Crawford
89%
68 P George Kirby
86%
36 P Logan Gilbert
86%
56 LF Randy Arozarena
86%
28 3B Eugenio Suarez
85%
7 2B Jorge Polanco
85%
18 C Mitch Garver
84%
8 RF Dominic Canzone
83%
75 BP Andres Munoz
80%
2 2B Cole Young
78%
50 P Bryce Miller
77%
58 P Luis Castillo
77%
10 RF Victor Robles
77%
20 RF Luke Raley
74%
5 C Harry Ford
72%
83 BP Eduard Bazardo
71%
67 BP Jose Castillo
71%
26 BP Emerson Hancock
69%
76 2B Leo Rivas
66%
47 BP Matt Brash
66%
55 BP Gabe Speier
58%
54 BP Carlos Vargas
49%
73 P Logan Evans
41%
43 BP Caleb Ferguson
39%
77 BP Luke Jackson
33%
No matching quizzes found
Score Distribution
Percent of People with Each Score
Percentile by Number Answered
Your Score History
You have not taken this quiz